| 000 | 00000nam 2200000za 4500 |
| 001 | 9.816566 |
| 003 | CaOODSP |
| 005 | 20221107142259 |
| 007 | cr ||||||||||| |
| 008 | 160429s1990 onc |o f|0| 0 eng d |
| 020 | |z0-660-54213-7 |
| 040 | |aCaOODSP|beng |
| 043 | |an-cn--- |
| 086 | 1 |aCS89-510/1990E-PDF |
| 245 | 00|aImmigrants in Canada |h[electronic resource] : |bselected highlights / |cpublished under the authority of the Minister of Regional Industrial Expansion. |
| 260 | |aOttawa : |bStatistics Canada, |c1990. |
| 300 | |a56 p. : |bcharts. |
| 500 | |aIssued also in French under title: Les immigrants au Canada : faits saillants choisis. |
| 500 | |aDigitized edition from print [produced by Statistics Canada]. |
| 500 | |a"January 1990." |
| 504 | |aIncludes bibliographic references. |
| 692 | 07|2gccst|aImmigrants |
| 710 | 2 |aStatistics Canada. |
| 775 | 08|tLes immigrants au Canada |w(CaOODSP)9.816569 |
| 856 | 40|qPDF|s10.88 MB|uhttps://publications.gc.ca/collections/collection_2016/statcan/CS89-510-1990-eng.pdf |